Central Library OPAC University of Rajshahi

The dramatic festivals of Athens / (Record no. 16381)

MARC details
000 -LEADER
fixed length control field 00921cam a22002771 4500
001 - CONTROL NUMBER
control field 16381
003 - CONTROL NUMBER IDENTIFIER
rucl marc code BD-RjUL
005 - DATE AND TIME OF LATEST TRANSACTION
control field 20211209000013.0
008 - FIXED-LENGTH DATA ELEMENTS--GENERAL INFORMATION
fixed length control field 140213s1953 enka b 001 0 eng d
035 ## - SYSTEM CONTROL NUMBER
System control number (BD-RjUL)16436
System control number (OCoLC)1383298
040 ## - CATALOGING SOURCE
Original cataloging agency Rochester. Univ. Libr.
Transcribing agency NPurU
Modifying agency OCoLC
-- Uk
-- DLC
-- BD-RjUL
Language of cataloging eng
041 ## - LANGUAGE CODE
Language code of text/sound track or separate title eng
082 ## - DEWEY DECIMAL CLASSIFICATION NUMBER
Classification number 792.015
Author mark and year PID 1953
100 2# - MAIN ENTRY--PERSONAL NAME
Personal name Pickard-Cambridge, Arthur
Dates associated with a name 1873-1952.
9 (RLIN) 50640
245 14 - TITLE STATEMENT
Title The dramatic festivals of Athens /
Statement of responsibility, etc. Arthur Pickard-Cambridge,
260 ## - PUBLICATION, DISTRIBUTION, ETC. (IMPRINT)
Place of publication, distribution, etc. Oxford :
Name of publisher, distributor, etc. Clarendon Press,
Date of publication, distribution, etc. c1953.
300 ## - PHYSICAL DESCRIPTION
Pagination xxi, 334 p. :
Illustrations illus. ;
Size 25 cm.
504 ## - BIBLIOGRAPHY, ETC. NOTE
Bibliography, etc Bibliography: p. [320]-326.
650 #0 - SUBJECT ADDED ENTRY--TOPICAL TERM
Topical term or geographic name as entry element Theater
Geographic subdivision Greece
-- Athens
General subdivision History
Chronological subdivision To 500.
9 (RLIN) 50641
Topical term or geographic name as entry element Greek drama
General subdivision History and criticism.
9 (RLIN) 50642
651 #0 - SUBJECT ADDED ENTRY--GEOGRAPHIC NAME
Geographic name Athens (Greece)
General subdivision Intellectual life.
9 (RLIN) 50643
942 ## - ADDED ENTRY ELEMENTS (KOHA)
Source of classification or shelving scheme Dewey Decimal Classification
Koha item type Books
Holdings
Lost status Source of classification or shelving scheme Damaged status Not for loan Collection code Permanent Location Current Location Shelving location Date acquired Source of acquisition Cost, normal purchase price Total Checkouts Full call number Date last seen Copy number Koha item type
  Dewey Decimal Classification   Not For Loan Non-fiction Central Library, University of Rajshahi Central Library, University of Rajshahi Reading Room 16/06/1955 Allies Book Cop. 28.20   792.015 PID 1953 13/02/2014 C-1 Books